| 000 | 00785nam a2200181 a 4500 | ||
|---|---|---|---|
| 001 | 000271021 | ||
| 003 | AM-YeHGA | ||
| 005 | 20250617125446.0 | ||
| 008 | 031011s1918 ai 000 | arm d | ||
| 040 | _aAM-YeHGA | ||
| 100 | 1 | _aՄկրտիչեան, Երուանդ | |
| 245 | 1 | 0 |
_aՎաշխառուն : _bԲարոյալից զաւեշտ մէկ արար / _cԵր. Մկրտիչեան. |
| 260 |
_aԳահիրէ : _b"Արծիւ" թատերախմբի հրատ., _c1918. |
||
| 300 |
_a24 էջ : _bդիմանկ. ; _c18 սմ. |
||
| 501 | _aԱլիգ 2 : Կազմված է՝ Սիմոն Էքմէքճեան՝ Տայի Կարապետ կամ ամերիկահայ փեսացուն .-Կ. Պոլիս, 1920 ... | ||
| 650 | 1 | 4 |
_aՀայ գրականություն _xԹատերգություն |
| 090 | _c99368 | ||
| 999 |
_c98059 _d98059 |
||